000 00679cam a22002411 4500
001 sa 66006234
003 DLC
005 20260227112255.0
008 891023s1963 pk ac 000 0 urdr
010 _asa 66006234
035 _a(OCoLC)20537578
040 _aDLC
_cWaU
_dDLC
042 _apremarc
043 _aa-ii---
050 0 0 _aDS480.7
_b.A4 1963
100 1 _aAli, Mohamed,
_d1878-1931.
245 1 0 _aRaʼīs al-Aḥrār Maulānā Muḥammad ʻAlī kā āk̲h̲irī mashvarah.
260 _a[Karachi,
_c1963]
300 _a19 p.
_billus., port.
_c23 cm.
500 _aIn Urdu.
651 0 _aIndia
_xPolitics and government
_y1919-1947.
650 0 _aMuslims
_zIndia.
999 _c70398
_d70398